| 000 | 00496nam a2200121Ia 4500 | ||
|---|---|---|---|
| 008 | 160712s9999 xx 000 0 und d | ||
| 100 | _ade Leon, Maria Perlita E. | ||
| 245 |
_cMaria Perlita E. de Leon _aMethods and Practices of Urban Filipino Parents in Promoting Mabuting Asal among Preschool Children |
||
| 260 |
_c2012 _bSocial Science Diliman |
||
| 300 | _avol. 8 no. 2 | ||
| 650 | _xSOCIAL SCIENCE | ||
| 856 | _uhttp://journals.upd.edu.ph/index.php/socialsciencediliman/issue/view/377/showToc | ||
| 999 |
_c297494 _d297494 |
||